00818nam a2200193Ia 4500003000900000008004100009020001800050040001600068080002100084111007900105245019900184260004200383300001300425490006800438650001400506650004100520700002600561710003700587IN-BaIIA211028s9999 xx 000 0 eng d a90-277-1563-7 cIIA Library a063:52bIAU-T18B aInternational Astronomical Union General AssemblycGreeced1982 Aug. 17-26 0aHighlights of AstronomybXVlllth General Assembly of the International Astronomical Union was held in Patras, Greece,17-26 August 1982cedited by Richard M. West  aDordrechtbD. Reidel Publishingc1983 ax, 603p. aTransactions of the International Astronomical Union; v. XVIIIB aAstronomy aAstronomy and Astrophysics Thesaurus aWest, Richard M., ed. aInternational Astronomical Union